000 01096cam a22001814a 4500
005 20250605164344.0
008 250528s ||||||||||||||||||||||||d
035 _a23798
040 _aGR-AtMCL
_bgre
_dGR-AtMCL
_eAACR2
245 1 _aAttitudes Towards Counselling and Psychotherapy and the Experience of Individual Psychotherapy in the Community - Based Centre in a Residential Area in Greece./An Interpretative Phenomenological Approach.
260 _c2014
300 _a105
520 _aIntroduction, Seeking Psychological Help, Avoidanxe Factors, Approach Factors, the Experience of Individual Psychotherapy, Research in Greece and the Community Centre, Research in Greece, the Community Centre and Brief Psychotherapy, Methodology, Research Question, Method, Sample, Data Collection, Data Analysis, Ethical Considerations, Validity, Analysis, Before the Therapy - Approach/Avoidance Factors, the Experience of Therapy, Reflexion After Therapy, Discussion, Conclusions, References.
700 1 _aKyriazi - Lalovska Daniella
_99328
942 _cDS
999 _c8733
_d8733